01967cam a2200349u 4500999001500000001000600015003000900021005001700030008004100047020001500088040003300103082001900136100001900155245003100174250001200205260003600217300002800253500002000281650001500301942001200316952011700328952011700445952011700562952011700679952011700796952011700913952011701030952011701147952011701264952011801381952011801499 c1147d114713714BD-DhUAP20200203114955.0200203s2009 bg 001 0 eng d a9848372007 aDLCcBD-DhUAPdBD-DhUAPbEng 223a349.37 KAB1 aKabir, Lutful.10aRoman law /cLutful Kabir. a4th ed. aDhaka :bAin Prokashan,cc2009. axv, 246 pages ;c22 cm. aIncludes index. 0aRoman law. 2ddccBK 00102ddc4070aUAPCLbUAPCLcGeneral Stacksd2020-02-03o349.37 KABp3010013714r2020-02-03t1w2020-02-03yBK 00102ddc4070aUAPCLbUAPCLcGeneral Stacksd2020-02-03o349.37 KABp3010013303r2020-02-03t2w2020-02-03yBK 00102ddc4070aUAPCLbUAPCLcGeneral Stacksd2020-02-03o349.37 KABp3010013716r2020-02-03t3w2020-02-03yBK 00102ddc4070aUAPCLbUAPCLcGeneral Stacksd2020-02-03o349.37 KABp3010013306r2020-02-03t4w2020-02-03yBK 00102ddc4070aUAPCLbUAPCLcGeneral Stacksd2020-02-03o349.37 KABp3010013304r2020-02-03t5w2020-02-03yBK 00102ddc4070aUAPCLbUAPCLcGeneral Stacksd2020-02-03o349.37 KABp3010012787r2020-02-03t6w2020-02-03yBK 00102ddc4070aUAPCLbUAPCLcGeneral Stacksd2020-02-03o349.37 KABp3010013712r2020-02-03t7w2020-02-03yBK 00102ddc4070aUAPCLbUAPCLcGeneral Stacksd2020-02-03o349.37 KABp3010013305r2020-02-03t8w2020-02-03yBK 00102ddc4070aUAPCLbUAPCLcGeneral Stacksd2020-02-03o349.37 KABp3010013302r2020-02-03t9w2020-02-03yBK 00102ddc4070aUAPCLbUAPCLcGeneral Stacksd2020-02-03o349.37 KABp3010013713r2020-02-03t10w2020-02-03yBK 00102ddc4070aUAPCLbUAPCLcGeneral Stacksd2020-02-03o349.37 KABp3010013715r2020-02-03t11w2020-02-03yBK